000 00844nam a22002297a 4500
999 _c16905
_d16905
003 AR-CdUCM
008 190506b ||||| |||| 00| 0 spa d
040 _aMUNICIPALIDAD PROVINCIAL DEL CUSCO
_cBIBLIOTECA MUNICIPAL DEL CUSCO
041 _heng.
082 _22ed.
_a581.1 /
_bG17
100 _aGalston, Arhtur W.
_936644
245 _aLa vida de las plantas verdes /
260 _aMéxico :
_bUTEHA,
_c1967.
300 _a194 paginas ;
_c18 cm.
505 _aContenido :Las plantas verdes en la economia de la naturaleza --La cédula vegetal --Nutrición de las plantas --Crecimiento vegetal --Diferenciación y morfogénesis /
650 _aPlantas
_918535
650 _aCrecimiento
_96856
650 _aCelula vegetal
_936645
700 _aRoberto Carrzco Ruiz (traductor)
_936646
942 _2ddc
_cLIBROS
945 _arjall
_d2019-05-06